| 000 | 01428cam a2200349 a 4500 | ||
|---|---|---|---|
| 999 |
_c12508 _d12508 |
||
| 001 | 15126315 | ||
| 003 | MAJU-Karachi | ||
| 005 | 20200916151859.0 | ||
| 008 | 080103s2009 at a b 001 0 eng | ||
| 010 | _a 2008920142 | ||
| 020 | _a9780495595335 | ||
| 020 | _a0495595330 | ||
| 040 |
_aDLC _cDLC _dDLC |
||
| 050 | 0 | 0 |
_aBF181 _b.K35 2009 |
| 082 | 0 | 4 |
_a150/.7/24 _221 |
| 100 | 1 | _aKantowitz, Barry H. | |
| 245 | 1 | 0 |
_aExperimental psychology / _cBarry H. Kantowitz, Henry L. Roediger III, David G. Elmes. |
| 250 | _a9th ed. | ||
| 260 |
_aAustralia ; _aBelmont, CA : _bWadsworth, Cengage Learning, _cc2009. |
||
| 300 |
_axxiii, 551 p. : _bill. ; _c24 cm. |
||
| 504 | _aIncludes bibliographical references (p. 511-527) and indexes. | ||
| 650 | 0 |
_aPsychology, Experimental _vTextbooks. |
|
| 650 | 0 |
_aPsychology _xResearch _vTextbooks. |
|
| 700 | 1 | _aRoediger, Henry L. | |
| 700 | 1 | _aElmes, David G. | |
| 856 | 4 | 2 |
_3Contributor biographical information _uhttp://www.loc.gov/catdir/enhancements/fy1302/2008920142-b.html |
| 856 | 4 | 2 |
_3Publisher description _uhttp://www.loc.gov/catdir/enhancements/fy1302/2008920142-d.html |
| 856 | 4 | 1 |
_3Table of contents only _uhttp://www.loc.gov/catdir/enhancements/fy1302/2008920142-t.html |
| 906 |
_a7 _bcbc _corigcop _d3 _eepcn _f20 _gy-gencatlg |
||
| 942 |
_2ddc _cPSYCHOLOGY |
||